000
00277nam a22001337a 4500
003
SGT
020
_a
9781529375992
082
_a
006.3
_b
KIS
100
_a
KISSINGER HENRY
245
_a
THE AGE OF AI
260
_a
LONDON
_b
JOHN MURRAY
_c
2022
300
_a
266
942
_2
ddc
_c
BK
999
_c
34434
_d
34434